000 00562nam a22002057a 4500
999 _c1271
_d1271
003 OSt
005 20191025141636.0
008 150326b xxu||||| |||| 00| 0 eng d
020 _a9780702051791
040 _cDNLM
082 _aQU4 C611a 2013
_bB
100 _aGaw, Allan [et...al]
_91717
245 _aClinical Biochemistry:
_ban illustrated colour atlas
250 _a5th ed.
260 _aEdinburgh;
_bChurchill,
_c2013
300 _avii,187p;
_bcol.ill
_c30cm
504 _aReferences & index included
650 _aBiochemistry
_9443
942 _2z
_cO_SHELF